| 000 | 00493nam a2200181Ia 4500 | ||
|---|---|---|---|
| 001 | 4862 | ||
| 005 | 20260306145826.0 | ||
| 008 | 260306t2000||||xx |||||||||||||| ||spa|| | ||
| 041 | _aESP | ||
| 082 |
_a330.985 _bG25 |
||
| 100 |
_aGarrido-Lecca, Hernán _eAUT |
||
| 245 | 0 |
_aManual urgente de economía para los peruanos: _bla dimensión ética de la política económica |
|
| 260 | _c2000 | ||
| 300 |
_a98 páginas : _c20 cm. |
||
| 650 | _aGEN | ||
| 654 | _aCAN | ||
| 942 |
_cLIB _dJUS _fJUS _2ddc _n |
||
| 999 |
_c4862 _d4862 |
||